000 00612nam a2200241Ia 4500
003 OSt
005 20220916110943.0
006 a|||||r|||| 00| 0
007 ta
008 220915b |||||||| |||| 00| 0 eng d
024 _a29685
037 _cTextbook
040 _beng
_aARTS
_cARTS
041 _aeng
082 _aO111,2M71x, G2 (EO)
100 _aSynge John M.
245 0 _aPlays
260 _aLondon
_bAllen and Unwin UK
300 _a350p.
_ccm.
650 _aENGLISH LITERATURE
942 _hO111,2M71x, G2 (EO)
_cTB
_2CC
999 _c102184
_d102184